000 00772nai a2200193Ia 4500
003 IN-BaIIA
008 211028c9999 xx s 000 0 eng d
022 _a2637-6423 (Online)
040 _cIIA Library
245 0 _aIEEE Letters on Electromagnetic Compatibility Practice and Applications
_h[eJournal]
260 _aNew York, USA
_bThe Institute of Electrical and Electronics Engineers, Inc. (IEEE)
310 _aQuarterly
362 _a1(1); 2019 - Present
521 _bSubscribed through National Knowledge Resource Consortium (NKRC)
650 _a Engineered Materials, Dielectrics and Plasmas
650 _aFields, Waves and Electromagnetics
856 _uhttps://ieeexplore.ieee.org/servlet/opac?punumber=8566057
_yClick Here to Access eJournal
942 _cEJ
999 _c34541
_d34541